[Event "Las Palmas op 32nd"]
[Site "Las Palmas"]
[Date "2011.12.04"]
[Round "3"]
[White "Almeida Sanchez, Ciriaco"]
[Black "Menvielle Laccourreye, Augusto"]
[Result "1/2-1/2"]
[WhiteElo "1950"]
[BlackElo "2261"]
[PlyCount "132"]
[EventDate "2011.12.02"]
[EventType "swiss"]
[EventRounds "9"]
[EventCountry "ESP"]
[SourceTitle "CBM 145 Extra"]
[Source "ChessBase"]
[SourceDate "2012.01.03"]
[SourceVersion "1"]
[SourceVersionDate "2012.01.03"]
[SourceQuality "1"]

1. e4 e6 2. d4 d5 3. e5 c5 4. c3 Nc6 5. Nf3 Qb6 6. Bd3 Bd7 7. 0-0 cxd4 8. cxd4 Nb4 9. Be2 Bb5 10. Bxb5+ Qxb5 11. Nc3 Qa6 12. Bd2 Nc6 13. a3 Nge7 14. b4 Qd3 15. Qa4 Nc8 16. Rfd1 Nb6 17. Qb3 Be7 18. Bg5 Qc4 19. Qxc4 Nxc4 20. Bxe7 Kxe7 21. Nd2 Nxd2 22. Rxd2 a6 23. Na4 f6 24. exf6+ gxf6 25. Re1 Kd6 26. Nc5 Nd8 27. Rc2 Re8 28. Rec1 Re7 29. f4 Ra7 30. Na4 Nc6 31. Nb6 Kc7 32. Na4 Ra8 33. Rd2 Kd6 34. Nb6 Rd8 35. Kf2 Kc7 36. Na4 Kb8 37. Nc5 Ka7 38. Re1 e5 39. dxe5 fxe5 40. fxe5 Rxe5 41. Rxe5 Nxe5 42. h3 b6 43. Ne6 Rd6 44. Nd4 Rf6+ 45. Ke2 Kb7 46. Nf3 Nxf3 47. gxf3 Kc6 48. Ke3 Rh6 49. Rh2 Rh4 50. f4 Kb5 51. Rf2 Rxh3+ 52. Kd4 Rxa3 53. f5 Rg3 54. Kxd5 Rg8 55. Rf4 h5 56. f6 Rh8 57. Rh4 a5 58. bxa5 bxa5 59. f7 a4 60. Ke6 a3 61. Rxh5+ Rxh5 62. f8Q Rc5 63. Kd6 Rc3 64. Qb8+ Ka4 65. Qa7+ Kb3 66. Qb6+ Kc2 1/2-1/2

[Event "Vecindario Canarias op 4th"]
[Site "Vecindario"]
[Date "2010.07.24"]
[Round "8"]
[White "Almeida Sanchez, Ciriaco"]
[Black "Reyes Hidalgo, Alejandro"]
[Result "0-1"]
[WhiteElo "2002"]
[BlackElo "1613"]
[PlyCount "108"]
[EventDate "2010.07.18"]
[EventType "swiss"]
[EventRounds "9"]
[EventCountry "ESP"]
[SourceTitle "CBM 137 Extra"]
[Source "ChessBase"]
[SourceDate "2010.09.01"]
[SourceVersion "1"]
[SourceVersionDate "2010.09.01"]
[SourceQuality "1"]

1. e4 e5 2. Nf3 Nc6 3. Bc4 Bc5 4. c3 Nf6 5. d3 d6 6. 0-0 0-0 7. Nbd2 Be6 8. Bb3 a6 9. Re1 Qd7 10. Bc2 Rfe8 11. Nf1 Bg4 12. Ng3 Bxf3 13. Qxf3 Qg4 14. Bd1 Qxf3 15. Bxf3 h6 16. Be3 Nd7 17. Rad1 Bb6 18. Bg4 Rad8 19. Bxd7 Rxd7 20. Bxb6 cxb6 21. Nf5 Ne7 22. Ne3 Red8 23. Kf1 d5 24. exd5 Nxd5 25. Nxd5 Rxd5 26. Ke2 b5 27. Rd2 f6 28. Red1 Kf7 29. Ke3 g5 30. d4 Ke6 31. g4 f5 32. gxf5+ Kxf5 33. dxe5 Rxd2 34. Rxd2 Rxd2 35. Kxd2 Kxe5 36. Ke3 h5 37. h3 g4 38. h4 b6 39. f3 g3 40. f4+ Kf5 41. Kf3 g2 42. Kxg2 Kxf4 43. Kh3 a5 44. Kg2 Kg4 45. b3 Kxh4 46. Kf3 Kg5 47. Kg3 Kf5 48. Kh4 Ke4 49. Kxh5 Kd3 50. c4 bxc4 51. bxc4 Kxc4 52. Kg4 Kb4 53. Kf3 Ka3 54. Ke3 Kxa2 0-1